| 000 | 00672cam a2200217 a 4500 | ||
|---|---|---|---|
| 999 |
_c1917 _d1917 |
||
| 001 | 4626 | ||
| 003 | BD-DhUAP | ||
| 005 | 20200218094628.0 | ||
| 008 | 200218s2001 bg b 001 0 eng | ||
| 010 | _a 2002295370 | ||
| 020 | _a984311051X | ||
| 040 |
_aDLC _cDLC _bEng _dBD-DhUAP |
||
| 082 |
_223 _a364.36 SAR |
||
| 100 | 1 | _aSarker, Abdul Hakim. | |
| 245 | 1 | 0 |
_aJuvenile delinquency : _bDhaka City experience / _cAbdul Hakim Sarker. |
| 260 |
_aDhaka : _bHuman Nursery for Development, _cc2001. |
||
| 300 |
_axxii, 297 pages ; _c23 cm. |
||
| 504 | _aIncludes bibliographical references and index. | ||
| 650 | 0 |
_aJuvenile delinquency _zBangladesh _zDhaka. |
|
| 942 |
_2ddc _cBK |
||